| 000 | 00745nam a2200241 a 4500 | ||
|---|---|---|---|
| 001 | BRCA_6503 | ||
| 005 | 20190320205501.0 | ||
| 008 | 270911s1927----gw-b######---#000-0#ger-# | ||
| 041 | _ager | ||
| 044 | _agw | ||
| 050 | 4 |
_aD21.5 _b.P47 1927 |
|
| 245 | 1 | 0 |
_aJustus Perthes Geschichtsatlas _bTaschenatlas zur Mittleren, Neueren u. Neuesten Geschichte : bis zum Eintritt Deutchlands in den Volkerbund. |
| 250 | _a4 | ||
| 260 |
_aGotha _bJ. Perthes _c1927 |
||
| 300 |
_a52 p. _bil. (algunas a color), 24 mapas _c17 cm. |
||
| 500 | _aTÃtulo de cubierta: Justus Perthes Geschicts Atlas | ||
| 500 | _aL37 | ||
| 650 | 1 | 4 |
_aAtlas _916254 |
| 650 | 1 | 4 |
_aHistoria universal _99807 |
| 651 | 4 |
_aEuropa _vMapas _916255 |
|
| 902 | _aGFM | ||
| 942 |
_2lcc _cB |
||
| 999 |
_c6187 _d6187 |
||